00734nam a2200157 a 450000100100000000500170001000800410002704000250006824500760009326000900016930000350025950400540029495201050034895201060045399900170055900003665020200930075843.0120124s1985 ag 000 0 spa d aDO-SdBNPbspacBNPHU03aLa ciudad iberoaméricana :bactas del Seminario, Buenos Aires 1985 /. aBuenos Aires :bCentro de Estudios y experimentación de Obras Públicas,c[1985?]. a302 p. :bil., mapas ;c31 cm. aIncluye Bibliografía a final de cada capítulo 001050718MOaGRbGRcCTd2012-01-24iLF1l0o p36650-10r2020-06-25w2020-06-25y1ZNo se presta 0010507-18MOaGRbGRcOId2012-01-24iLF1l0o p36651-10r2020-06-25w2020-06-25y1ZNo se presta c36141d36141